| 000 | 00642nam a22002057a 4500 | ||
|---|---|---|---|
| 999 |
_c1807 _d1807 |
||
| 003 | AR-CdUCM | ||
| 008 | 190228b ||||| |||| 00| 0 spa d | ||
| 040 |
_aMUNICIPALIDAD PROVINCIAL DEL CUSCO _cBIBLIOTECA MUNICIPAL DEL CUSCO |
||
| 082 |
_a869.335 / _bN44 |
||
| 100 |
_aNeruda, Pablo _92359 |
||
| 245 | _aResidencia en la tierra / | ||
| 260 |
_aBogotá : _bLa oveja negra, _c1983. |
||
| 300 |
_a153 páginas ; _c19 cm. |
||
| 440 |
_aHistoria universal de la literatura, _n39. _96642 |
||
| 650 |
_aPoesías chilenas _92361 |
||
| 650 |
_aPoesías siglo XX _93861 |
||
| 650 |
_aLiteratura chilena _92985 |
||
| 942 |
_2ddc _cLIBROS |
||
| 945 | _azta | ||